Embodying the spirit & cooling the body : nature, land, and community as narratives of health and healing among a Dagara peoples in northern Ghana /

Saved in:
Bibliographic Details
Main Author: Jefferson, Elana.
Format: Manuscript
Language:English
Published: 2009.
Subjects:
Tags: Add Tag
No Tags, Be the first to tag this record!
LEADER 01435ntm a2200313Ia 4500
001 012652016-X
005 20110107164257.0
008 110107s2009 xx a b 000 0 eng d
035 0 |a ocn695601722 
040 |a BHA  |c BHA 
043 |a f-gh--- 
050 4 |a BL2480.D3  |b J44 2009 
100 1 |a Jefferson, Elana. 
245 1 0 |a Embodying the spirit & cooling the body :  |b nature, land, and community as narratives of health and healing among a Dagara peoples in northern Ghana /  |c Elana Jefferson. 
246 3 |a Embodying the spirit and cooling the body 
260 |c 2009. 
300 |a 75 leaves :  |b col. ill. ;  |c 29 cm. 
500 |a "May 2009." 
504 |a Includes bibliographical references (leaves 73-75). 
502 |a Thesis (M.T.S.)--Harvard Divinity School, 2009. 
505 0 |a Healing through nature as journey & theology -- Daily space as healing place : the healing narratives of emplaced bodies and embodied places -- Initiation into community place and placed community : beyond incarnation and transcendence -- The church : old rhythms with new verses, old altars in new places -- Encountering the "Third World" : a journey towards health and healing. 
650 0 |a Dagaaba (African people)  |x Religion. 
650 0 |a Healing  |x Religious aspects. 
650 0 |a Human ecology  |x Religious aspects. 
651 0 |a Ghana  |x Religion. 
650 0 |a Theological anthropology. 
988 |a 20110107 
049 |a BHAA 
906 |0 MH